| 000 | 00571 a2200217 4500 | ||
|---|---|---|---|
| 005 | 20260206113722.0 | ||
| 008 | 260206b |||||||| |||| 00| 0 eng d | ||
| 020 |
_a9789392586262 _cRs. 1295.00 |
||
| 040 | _aMAIN | ||
| 082 |
_a158.1 _bJ559F |
||
| 100 | _aJha, Jai Ram | ||
| 245 | _aFrom struggle to strength: Empowering youth for success | ||
| 250 | _a | ||
| 260 |
_bAadi Publications _c2024 _aJaipur |
||
| 300 | _ax, 181 | ||
| 650 | _aPsychology | ||
| 650 | _aStrength | ||
| 650 | _aEmotional Intelligence | ||
| 700 | _aPatel, Abhishek Kumar | ||
| 942 | _cBK | ||
| 999 |
_c395529 _d395529 |
||